000 00627nam a2200229Ia 4500
003 OSt
005 20220918180104.0
006 a|||||r|||| 00| 0
007 ta
008 220917b |||||||| |||| 00| 0 eng d
024 _a20,588
037 _cTextual
040 _aARTS
_cARTS
_beng
041 _2eng
_aeng
082 _aSz7, K0-;1
100 _aStein Maurice R ed
_955649
245 0 _aIdentity and anxiety
_b survival of the perosn in mass society
260 _aLondon
_bFree Press
_c1960
650 _aPSYCHOLOGY
942 _hSz7, K0-;1
_cTEXL
_2CC
999 _c160273
_d160273